Random Cities in all 50 U.S. States - Statistics

General Stats
  • This quiz has been taken 136 times
  • The average score is 25 of 50
Answer Stats
Hint Answer % Correct
Irvine California
81%
Tempe Arizona
75%
South Bend Indiana
74%
Grand Junction Colorado
73%
Peoria Illinois
73%
Sitka Alaska
70%
Marietta Georgia
70%
Hialeah Florida
69%
Bowling Green Kentucky
69%
Kapolei Hawaii
68%
Vicksburg Mississippi
68%
Twin Falls Idaho
65%
Lawrence Kansas
65%
Waterbury Connecticut
64%
Gulf Shores Alabama
62%
Ames Iowa
61%
Katy Texas
57%
Rockville Maryland
56%
Sterling Heights Michigan
55%
Gallup New Mexico
51%
Poplar Bluff Missouri
47%
Vienna Virginia
45%
Wauwatosa Wisconsin
45%
Old Bridge New Jersey
44%
Spring Dale Arkansas
43%
Virginia City Nevada
43%
Statesville North Carolina
43%
Denham Springs Louisiana
42%
Lebanon New Hampshire
41%
New Hope Pennsylvania
41%
Ogunquit Maine
40%
Anaconda Montana
40%
Simpsonville South Carolina
40%
Middletown Delaware
39%
Mechanicville New York
39%
Issaquah Washington
39%
Tooele Utah
38%
Owasso Oklahoma
37%
Quechee Vermont
37%
Swampscott Massachusetts
36%
Rugby North Dakota
36%
Happy Valley Oregon
36%
Cookeville Tennessee
36%
Uhrichsville Ohio
35%
Fridley Minnesota
34%
Holdredge Nebraska
34%
Hot Springs South Dakota
34%
Carolina Rhode Island
33%
Bath West Virginia
32%
Wheatland Wyoming
31%
No matching quizzes found
Score Distribution
Percent of People with Each Score
Percentile by Number Answered
Your Score History
You have not taken this quiz